Stylistic devices used in O. Henry's stories; Коммуникативные аспекты языка и культуры; Ч. 3
| Parent link: | Коммуникативные аспекты языка и культуры: сборник материалов XIV Международной научно-практической конференции студентов и молодых ученых, г. Томск, 21-23 мая 2014 г./ Национальный исследовательский Томский политехнический университет (ТПУ), Институт международного образования и языковой коммуникации (ИМОЯК) ; под ред. С. А. Песоцкой.— , 2014 Ч. 3.— 2014.— [P. 61-63] |
|---|---|
| Päätekijä: | |
| Yhteisötekijä: | |
| Muut tekijät: | |
| Yhteenveto: | Заглавие с титульного экрана |
| Kieli: | englanti |
| Julkaistu: |
2014
|
| Sarja: | Круглые столы студентов технических факультетов |
| Aiheet: | |
| Linkit: | http://earchive.tpu.ru/handle/11683/21427 http://www.lib.tpu.ru/fulltext/c/2014/C77/V3/014.pdf |
| Aineistotyyppi: | Elektroninen Kirjan osa |
| KOHA link: | https://koha.lib.tpu.ru/cgi-bin/koha/opac-detail.pl?biblionumber=609955 |
MARC
| LEADER | 00000naa2a2200000 4500 | ||
|---|---|---|---|
| 001 | 609955 | ||
| 005 | 20260330144613.0 | ||
| 035 | |a (RuTPU)RU\TPU\conf\7510 | ||
| 035 | |a RU\TPU\conf\7509 | ||
| 090 | |a 609955 | ||
| 100 | |a 20141217d2014 k y0rusy50 ba | ||
| 101 | 0 | |a eng | |
| 102 | |a RU | ||
| 135 | |a drgn ---uucaa | ||
| 181 | 0 | |a i | |
| 182 | 0 | |a b | |
| 200 | 1 | |a Stylistic devices used in O. Henry's stories |f E. M. Mamontova |g sci. adv. Yu. P. Azhel | |
| 203 | |a Текст |c электронный | ||
| 225 | 1 | |a Круглые столы студентов технических факультетов | |
| 300 | |a Заглавие с титульного экрана | ||
| 320 | |a [Ref.: p. 63 (1 tit.)] | ||
| 337 | |a Adobe Reader | ||
| 461 | 1 | |0 (RuTPU)RU\TPU\conf\7313 |t Коммуникативные аспекты языка и культуры |o сборник материалов XIV Международной научно-практической конференции студентов и молодых ученых, г. Томск, 21-23 мая 2014 г. |o в 3 ч. |f Национальный исследовательский Томский политехнический университет (ТПУ), Институт международного образования и языковой коммуникации (ИМОЯК) ; под ред. С. А. Песоцкой |d 2014 | |
| 463 | 0 | |0 (RuTPU)RU\TPU\conf\7320 |t Ч. 3 |v [P. 61-63] |d 2014 | |
| 610 | 1 | |a труды учёных ТПУ | |
| 610 | 1 | |a электронный ресурс | |
| 610 | 1 | |a стилистические устройства | |
| 610 | 1 | |a лингвистическая стилистика | |
| 610 | 1 | |a языкознание | |
| 610 | 1 | |a стилистические приемы | |
| 610 | 1 | |a анализ | |
| 610 | 1 | |a тексты | |
| 610 | 1 | |a английский язык | |
| 610 | 1 | |a студенты | |
| 700 | 1 | |a Mamontova |b E. M. | |
| 702 | 1 | |a Azhel |b Yu. P. |c linguist |c Senior Lecturer of Tomsk Polytechnic University |f 1981- |g Yuliya Petrovna |4 727 | |
| 712 | 0 | 2 | |a Национальный исследовательский Томский политехнический университет (ТПУ) |b Институт физики высоких технологий (ИФВТ) |b Кафедра иностранных языков Института физики высоких технологий (ИЯФВТ) |3 (RuTPU)RU\TPU\col\18696 |
| 801 | 2 | |a RU |b 63413507 |c 20210917 |g RCR | |
| 856 | 4 | |u http://earchive.tpu.ru/handle/11683/21427 | |
| 856 | 4 | |u http://www.lib.tpu.ru/fulltext/c/2014/C77/V3/014.pdf | |
| 942 | |c BK | ||